[Event "Istanbul op-A 11th"]
[Site "Istanbul"]
[Date "2012.09.07"]
[Round "8"]
[White "Reyhan, Dogan Heval"]
[Black "Javakhadze, Zurab"]
[Result "1-0"]
[WhiteElo "2396"]
[BlackElo "2406"]
[PlyCount "75"]
[EventDate "2012.08.30"]
[EventType "swiss"]
[EventRounds "9"]
[EventCountry "TUR"]
[SourceTitle "CBM 150 Extra"]
[Source "ChessBase"]
[SourceDate "2012.10.19"]
[SourceVersion "1"]
[SourceVersionDate "2012.10.19"]
[SourceQuality "1"]

1. e4 e5 2. Nf3 Nc6 3. Bb5 a6 4. Ba4 Nf6 5. 0-0 Be7 6. Re1 b5 7. Bb3 0-0 8. d4 d6 9. c3 Nd7 10. a4 Na5 11. Ba2 c6 12. Na3 Rb8 13. b4 Nb7 14. axb5 cxb5 15. c4 bxc4 16. Nxc4 Ra8 17. Bb2 exd4 18. Nxd4 Bf6 19. Ne3 a5 20. Nd5 axb4 21. Nc6 Bxb2 22. Nxd8 Rxd8 23. Rb1 Bc3 24. Nxc3 bxc3 25. Qd5 Ne5 26. Ra1 Ra5 27. Qd4 Rc5 28. Rec1 Nc6 29. Qe3 Nb4 30. Rxc3 Nc2 31. Rxc2 Rxc2 32. Bxf7+ Kh8 33. Bd5 Nc5 34. h3 Ba6 35. Qg5 Rf8 36. Qe7 Rcxf2 37. Qxd6 Bf1 38. Qxc5 1-0

[Event "Istanbul op-A 11th"]
[Site "Istanbul"]
[Date "2012.08.31"]
[Round "2"]
[White "Reyhan, Dogan Heval"]
[Black "Bassel, Charaf"]
[Result "1-0"]
[WhiteElo "2396"]
[BlackElo "2054"]
[PlyCount "93"]
[EventDate "2012.08.30"]
[EventType "swiss"]
[EventRounds "9"]
[EventCountry "TUR"]
[SourceTitle "CBM 150 Extra"]
[Source "ChessBase"]
[SourceDate "2012.10.19"]
[SourceVersion "1"]
[SourceVersionDate "2012.10.19"]
[SourceQuality "1"]

1. e4 Nc6 2. Nf3 d6 3. Nc3 Nf6 4. d4 g6 5. d5 Nb8 6. Bg5 h6 7. Be3 Bg4 8. Be2 Bg7 9. Qd2 Nbd7 10. h3 Bxf3 11. Bxf3 a6 12. 0-0 c5 13. dxc6 bxc6 14. Be2 Qa5 15. Rab1 Kf8 16. Rfd1 Kg8 17. Bc4 Ne5 18. Bb3 g5 19. a3 Ned7 20. Qe2 Ne5 21. Rd4 Qc7 22. f3 Nfd7 23. Rd2 Ng6 24. Qc4 Nge5 25. Qf1 Ng6 26. Ne2 Nc5 27. Ba2 Ne6 28. c3 Ngf4 29. Nd4 Nxd4 30. cxd4 e6 31. Rc1 Qb7 32. Qc4 Rc8 33. d5 exd5 34. exd5 c5 35. b4 Bf8 36. Bxf4 gxf4 37. Qxf4 Be7 38. h4 Qd7 39. bxc5 Rxc5 40. Rxc5 dxc5 41. d6 Bf8 42. Qg3+ Bg7 43. Re2 Qf5 44. Re7 c4 45. d7 Kh7 46. Rxf7 Qg6 47. Qc7 1-0

[Event "TUR-chT"]
[Site "Konya"]
[Date "2012.07.14"]
[Round "4"]
[White "Reyhan, Dogan Heval"]
[Black "Paichadze, Luka"]
[Result "1/2-1/2"]
[WhiteElo "2361"]
[BlackElo "2501"]
[PlyCount "85"]
[EventDate "2012.07.11"]
[EventType "team-tourn"]
[EventRounds "13"]
[EventCountry "TUR"]
[SourceTitle "CBM 149 Extra"]
[Source "ChessBase"]
[SourceDate "2012.08.24"]
[SourceVersion "1"]
[SourceVersionDate "2012.08.24"]
[SourceQuality "1"]
[WhiteTeam "Denizli Pamukkale Uni"]
[BlackTeam "Tarsus Zeka"]
[WhiteTeamCountry "TUR"]
[BlackTeamCountry "TUR"]

1. e4 c6 2. d4 d5 3. exd5 cxd5 4. c4 Nf6 5. Nc3 Nc6 6. Bg5 Be6 7. a3 Qd7 8. Be2 h6 9. Bxf6 exf6 10. c5 g5 11. Bb5 Bg7 12. Nge2 0-0 13. 0-0 Qd8 14. Qd3 f5 15. f4 g4 16. Rad1 Qf6 17. Ba4 a6 18. b4 h5 19. Bb3 Rad8 20. b5 Na5 21. Ba2 Nc4 22. Nxd5 Bxd5 23. Bxc4 Be4 24. Qb3 axb5 25. Bxb5 h4 26. d5 Qb2 27. Qxb2 Bxb2 28. c6 Rxd5 29. Rxd5 Bxd5 30. c7 Rc8 31. Rd1 Be6 32. Rd8+ Kg7 33. Rxc8 Bxc8 34. a4 Kf6 35. Kf2 Ke7 36. g3 hxg3+ 37. hxg3 Kd6 38. Ke3 Kxc7 39. Nd4 Kb6 40. Bd3 Ka5 41. Nxf5 Bxf5 42. Bxf5 Kxa4 43. Ke4 1/2-1/2

[Event "TUR-chT"]
[Site "Konya"]
[Date "2012.07.12"]
[Round "2"]
[White "Muzychuk, Mariya"]
[Black "Reyhan, Dogan Heval"]
[Result "1-0"]
[WhiteElo "2456"]
[BlackElo "2361"]
[PlyCount "181"]
[EventDate "2012.07.11"]
[EventType "team-tourn"]
[EventRounds "13"]
[EventCountry "TUR"]
[SourceTitle "CBM 149 Extra"]
[Source "ChessBase"]
[SourceDate "2012.08.24"]
[SourceVersion "1"]
[SourceVersionDate "2012.08.24"]
[SourceQuality "1"]
[WhiteTeam "Besiktas Jimnastik"]
[BlackTeam "Denizli Pamukkale Uni"]
[WhiteTeamCountry "TUR"]
[BlackTeamCountry "TUR"]

1. e4 c5 2. Nc3 a6 3. g3 b5 4. Bg2 Bb7 5. Nge2 b4 6. Na4 e5 7. c3 d5 8. exd5 Bxd5 9. Bxd5 Qxd5 10. 0-0 Nd7 11. cxb4 cxb4 12. d4 e4 13. Nf4 Qc6 14. Re1 Ngf6 15. f3 Bd6 16. fxe4 Bxf4 17. Bxf4 Nxe4 18. d5 Qg6 19. Qd4 f5 20. Qxb4 Kf7 21. Rac1 Rhd8 22. Nc3 Ndf6 23. Nxe4 Nxe4 24. Rc7+ Kg8 25. Be5 a5 26. Qb5 Nf6 27. d6 h6 28. Qc4+ Kh7 29. Qd4 Rf8 30. Rd1 Rad8 31. Ra7 Nd7 32. Rxa5 Rfe8 33. Qf4 Re6 34. Bc3 Rf8 35. Re1 Rxd6 36. Bb4 Re6 37. Rxe6 Qxe6 38. Bxf8 Qe1+ 39. Kg2 Qxa5 40. Bb4 Qd5+ 41. Qf3 Qe6 42. Bc3 Nc5 43. Bxg7 Kxg7 44. Qc3+ Qf6 45. Qxc5 Qxb2+ 46. Qf2 Qb7+ 47. Kh3 Qa6 48. Qc2 Kg6 49. Kg2 Qb7+ 50. Kf2 Qb6+ 51. Kf1 Qb7 52. Kf2 Qb6+ 53. Ke2 Qa6+ 54. Ke1 Qa5+ 55. Qd2 Qa3 56. Qe2 Qc1+ 57. Kf2 Qc5+ 58. Kg2 Qc6+ 59. Kh3 Qd7 60. Qf3 Qa4 61. a3 h5 62. Qd3 Qc6 63. Qd4 Qa6 64. Qe3 Qc4 65. Qf4 Qc8 66. Qd6+ Kg5 67. Qf4+ Kg6 68. a4 Qa6 69. Qd4 Qe6 70. Qf4 Qa6 71. Qd4 Qe6 72. Qd3 Kg5 73. Qd8+ Kg6 74. Qd1 f4+ 75. Kg2 Qc6+ 76. Qf3 Qxa4 77. gxf4 Qc2+ 78. Kg3 Qf5 79. Qc6+ Kh7 80. Qc7+ Kh6 81. Qd6+ Kh7 82. h3 Qg6+ 83. Qxg6+ Kxg6 84. Kf3 Kf5 85. h4 Kf6 86. Ke4 Ke6 87. f5+ Ke7 88. Ke5 Kf7 89. f6 Kf8 90. Kf5 Kf7 91. Kg5 1-0

[Event "TUR-chT"]
[Site "Konya"]
[Date "2011.07.04"]
[Round "8"]
[White "Guliev, Logman"]
[Black "Reyhan, Dogan Heval"]
[Result "1/2-1/2"]
[WhiteElo "2459"]
[BlackElo "2343"]
[PlyCount "160"]
[EventDate "2011.06.28"]
[EventType "team-swiss"]
[EventRounds "13"]
[EventCountry "TUR"]
[SourceTitle "CBM 143 Extra"]
[Source "ChessBase"]
[SourceDate "2011.08.29"]
[SourceVersion "1"]
[SourceVersionDate "2011.08.29"]
[SourceQuality "1"]
[WhiteTeam "Yapi Kredi"]
[BlackTeam "Celikkol Turizm Pamukkale"]
[WhiteTeamCountry "TUR"]
[BlackTeamCountry "TUR"]

1. e4 c5 2. Nf3 g6 3. c3 d5 4. exd5 Qxd5 5. d4 Bg7 6. Be3 cxd4 7. cxd4 Nf6 8. Nc3 Qa5 9. Be2 0-0 10. 0-0 Nc6 11. Qb3 Ng4 12. d5 Nxe3 13. fxe3 Ne5 14. e4 Nxf3+ 15. Rxf3 Be5 16. Raf1 a6 17. Kh1 b5 18. a4 bxa4 19. Nxa4 Bd7 20. Nb6 Rfb8 21. Nc4 Rxb3 22. Nxa5 Rxf3 23. gxf3 Bxb2 24. Rb1 Ba3 25. e5 Rc8 26. Nc4 Bc5 27. Kg2 Bb5 28. Kf1 Bd4 29. d6 Rxc4 30. Bxc4 Bxc4+ 31. Kg2 exd6 32. exd6 Bb5 33. d7 Bb6 34. Rd1 Bd8 35. Re1 Kg7 36. Re8 Bxd7 37. Rxd8 Bb5 38. Rd6 Kf8 39. Kg3 Ke7 40. Rb6 Kd7 41. Rb7+ Ke6 42. Kf4 Kf6 43. Rb6+ Kg7 44. Ke5 Be2 45. f4 Bc4 46. Rb7 Bb5 47. Rc7 Bd3 48. Rc3 Bb5 49. f5 gxf5 50. Rg3+ Kf8 51. Kf6 Ke8 52. Kxf5 Ke7 53. Ke5 a5 54. Rh3 a4 55. Rxh7 a3 56. Rh8 f6+ 57. Kf4 Be8 58. Rh3 a2 59. Ra3 Bf7 60. Kf5 Be6+ 61. Kg6 Bf7+ 62. Kg7 f5 63. Ra7+ Ke8 64. Kf6 Bb3 65. Kxf5 Kf8 66. Kg6 Bd5 67. Kh7 Be4+ 68. Kh6 Bb1 69. Ra8+ Kf7 70. h4 Kf6 71. Ra7 Ke5 72. Ra4 Kd5 73. Kg5 Kc5 74. Kf4 Kb5 75. Ra7 Kb4 76. Ke3 Kc3 77. h5 Kb2 78. Rb7+ Kc1 79. Ra7 Kb2 80. Rb7+ Kc1 1/2-1/2

[Event "TUR-chT"]
[Site "Konya"]
[Date "2011.06.29"]
[Round "2"]
[White "Reyhan, Dogan Heval"]
[Black "Haznedaroglu, Kivanc"]
[Result "1/2-1/2"]
[WhiteElo "2343"]
[BlackElo "2444"]
[PlyCount "30"]
[EventDate "2011.06.28"]
[EventType "team-swiss"]
[EventRounds "13"]
[EventCountry "TUR"]
[SourceTitle "CBM 143 Extra"]
[Source "ChessBase"]
[SourceDate "2011.08.29"]
[SourceVersion "1"]
[SourceVersionDate "2011.08.29"]
[SourceQuality "1"]
[WhiteTeam "Celikkol Turizm Pamukkale"]
[BlackTeam "Adana Truva"]
[WhiteTeamCountry "TUR"]
[BlackTeamCountry "TUR"]

1. e4 e5 2. Nf3 Nc6 3. d4 exd4 4. Nxd4 Nf6 5. Nxc6 bxc6 6. Nd2 d6 7. Bd3 Be7 8. 0-0 0-0 9. c3 Nd7 10. f4 Nc5 11. Bc2 f5 12. exf5 Bxf5 13. Bxf5 Rxf5 14. b4 Nd7 15. Nb3 c5 1/2-1/2

[Event "TUR-chT"]
[Site "Konya"]
[Date "2011.06.28"]
[Round "1"]
[White "Dogan, Ali Ekber"]
[Black "Reyhan, Dogan Heval"]
[Result "1/2-1/2"]
[WhiteElo "2130"]
[BlackElo "2343"]
[PlyCount "81"]
[EventDate "2011.06.28"]
[EventType "team-swiss"]
[EventRounds "13"]
[EventCountry "TUR"]
[SourceTitle "CBM 143 Extra"]
[Source "ChessBase"]
[SourceDate "2011.08.29"]
[SourceVersion "1"]
[SourceVersionDate "2011.08.29"]
[SourceQuality "1"]
[WhiteTeam "Yesilkoy"]
[BlackTeam "Celikkol Turizm Pamukkale"]
[WhiteTeamCountry "TUR"]
[BlackTeamCountry "TUR"]

1. d4 Nf6 2. c4 c5 3. d5 e6 4. g3 exd5 5. cxd5 d6 6. Nf3 g6 7. Nc3 Bg7 8. Bg2 0-0 9. 0-0 Re8 10. Nd2 a6 11. a4 Nbd7 12. h3 Rb8 13. Rb1 b5 14. axb5 axb5 15. b4 c4 16. Bb2 Qb6 17. Nf3 Ne4 18. Nxe4 Rxe4 19. Bxg7 Kxg7 20. Ng5 Re8 21. Ne4 Nf6 22. Nxf6 Kxf6 23. e4 Kg7 24. Qd2 f5 25. Qc3+ Kf7 26. Rfe1 Ra8 27. Rb2 fxe4 28. Rbe2 Kg8 29. Rxe4 Rxe4 30. Rxe4 Qd8 31. g4 Bd7 32. Re6 Bxe6 33. dxe6 Ra7 34. e7 Rxe7 35. Bd5+ Rf7 36. Qf3 Qe7 37. Qf4 Kg7 38. Bxf7 Qxf7 39. Qxd6 c3 40. Qc5 Qc4 41. Qe7+ 1/2-1/2

[Event "Azov Don Cup"]
[Site "Azov"]
[Date "2010.07.21"]
[Round "10"]
[White "Reyhan, Dogan Heval"]
[Black "Yamnov, Dmitry"]
[Result "1-0"]
[WhiteElo "2325"]
[BlackElo "2150"]
[PlyCount "109"]
[EventDate "2010.07.13"]
[EventType "tourn"]
[EventRounds "11"]
[EventCountry "RUS"]
[EventCategory "6"]
[SourceTitle "EXT 2011"]
[Source "ChessBase"]
[SourceDate "2010.11.26"]
[SourceVersion "1"]
[SourceVersionDate "2010.11.26"]
[SourceQuality "1"]

1. e4 d6 2. d4 g6 3. Nc3 Nf6 4. Nf3 Bg7 5. Be2 0-0 6. 0-0 d5 7. exd5 Nxd5 8. Nxd5 Qxd5 9. Bg5 Nc6 10. c4 Qd6 11. d5 Ne5 12. Re1 Re8 13. Qb3 Bf5 14. Nd4 Bd7 15. Bf4 Qb6 16. Nb5 a6 17. Be3 Qa5 18. Nc3 Bf5 19. Rad1 b6 20. h3 Rad8 21. Bf4 Rb8 22. a3 Rbc8 23. Qa2 b5 24. cxb5 axb5 25. b4 Qb6 26. Nxb5 c5 27. Be3 Nd3 28. Rxd3 Qxb5 29. Rc3 Qb7 30. Rxc5 Be5 31. Bb5 Red8 32. Qe2 Qb8 33. Bc6 Qd6 34. Ra5 Qf6 35. Bc5 Bd6 36. Bxd6 exd6 37. Ra7 Qd4 38. Qe3 Qf6 39. g4 Bc2 40. Rc1 Bf5 41. gxf5 gxf5 42. Kh1 Kh8 43. Qc3 Qxc3 44. Rxc3 Kg7 45. Re3 Kf6 46. f4 Kg7 47. Re6 h5 48. a4 Rb8 49. b5 Rbc8 50. Ree7 Rf8 51. a5 Kg8 52. a6 h4 53. Rac7 Rxc7 54. Rxc7 Rd8 55. b6 1-0

[Event "TUR-chT"]
[Site "Konya"]
[Date "2010.07.07"]
[Round "11"]
[White "Reyhan, Dogan Heval"]
[Black "Kasimdzhanov, Rustam"]
[Result "0-1"]
[WhiteElo "2325"]
[BlackElo "2699"]
[PlyCount "86"]
[EventDate "2010.06.29"]
[EventType "team-tourn"]
[EventRounds "13"]
[EventCountry "TUR"]
[SourceTitle "CBM 137 Extra"]
[Source "ChessBase"]
[SourceDate "2010.09.01"]
[SourceVersion "1"]
[SourceVersionDate "2010.09.01"]
[SourceQuality "1"]

1. e4 c5 2. Nf3 e6 3. d4 cxd4 4. Nxd4 a6 5. Bd3 g6 6. 0-0 Bg7 7. Nf3 Nc6 8. c4 Nge7 9. Nc3 0-0 10. Bf4 d5 11. e5 Nb4 12. a3 Nxd3 13. Qxd3 Qb6 14. b4 dxc4 15. Qxc4 Bd7 16. Be3 Qc6 17. Qb3 b6 18. Rfd1 Qb7 19. b5 axb5 20. Nxb5 Bxb5 21. Qxb5 Nd5 22. Bd4 Rfc8 23. Rdb1 Rc6 24. a4 Qc7 25. h3 Bh6 26. Nh2 Rc4 27. Nf3 Qc8 28. Bxb6 Nc3 29. Qb3 Nxb1 30. Rxb1 Rc1+ 31. Rxc1 Qxc1+ 32. Kh2 Qf4+ 33. g3 Qxa4 34. Qxa4 Rxa4 35. Kg2 Kf8 36. Nh2 Ke8 37. Ng4 Bg7 38. Be3 h5 39. Nf6+ Bxf6 40. exf6 e5 41. Kf3 Kd7 42. g4 Ke6 43. Bg5 Ra3+ 0-1

[Event "TUR-chT"]
[Site "Konya"]
[Date "2010.07.06"]
[Round "10"]
[White "Esen, Nejdet"]
[Black "Reyhan, Dogan Heval"]
[Result "1-0"]
[WhiteElo "1969"]
[BlackElo "2325"]
[PlyCount "95"]
[EventDate "2010.06.29"]
[EventType "team-tourn"]
[EventRounds "13"]
[EventCountry "TUR"]
[SourceTitle "CBM 137 Extra"]
[Source "ChessBase"]
[SourceDate "2010.09.01"]
[SourceVersion "1"]
[SourceVersionDate "2010.09.01"]
[SourceQuality "1"]

1. e4 c5 2. Nf3 d6 3. Bb5+ Nd7 4. c3 Ngf6 5. Qe2 a6 6. Ba4 b5 7. Bc2 Bb7 8. d4 cxd4 9. cxd4 g6 10. 0-0 Bg7 11. Nbd2 0-0 12. b3 Qb6 13. Bb2 Rac8 14. Bd3 Ne8 15. e5 Nc7 16. Ng5 dxe5 17. dxe5 Nc5 18. Bb1 N7e6 19. Nxe6 Nxe6 20. Be4 Rfd8 21. Bxb7 Rc2 22. Bc1 Qxb7 23. Qe3 Nd4 24. Rb1 Rc3 25. Qe4 Qxe4 26. Nxe4 Rc2 27. Ba3 Kf8 28. f4 Rxa2 29. Bc5 Ne6 30. Bb6 Rb8 31. Rbc1 Bh6 32. Ba7 Rd8 33. g3 g5 34. f5 Nd4 35. Bxd4 g4 36. Bc5 Bxc1 37. Rxc1 Kg7 38. Bxe7 Rd4 39. Bf6+ Kh6 40. Bg5+ Kh5 41. Re1 Rxe4 42. Rxe4 Ra1+ 43. Kf2 Ra2+ 44. Ke3 Kxg5 45. e6 Ra1 46. e7 Re1+ 47. Kd3 Rd1+ 48. Ke2 1-0

[Event "TUR-chT"]
[Site "Konya"]
[Date "2010.07.01"]
[Round "4"]
[White "Korkmaz, Necmettin"]
[Black "Reyhan, Dogan Heval"]
[Result "0-1"]
[WhiteElo "2199"]
[BlackElo "2325"]
[PlyCount "140"]
[EventDate "2010.06.29"]
[EventType "team-tourn"]
[EventRounds "13"]
[EventCountry "TUR"]
[SourceTitle "CBM 137 Extra"]
[Source "ChessBase"]
[SourceDate "2010.09.01"]
[SourceVersion "1"]
[SourceVersionDate "2010.09.01"]
[SourceQuality "1"]

1. e4 e5 2. Nf3 Nf6 3. Nxe5 d6 4. Nf3 Nxe4 5. Nc3 Nxc3 6. dxc3 Be7 7. Bf4 Nc6 8. Qd2 Be6 9. 0-0-0 Qd7 10. Ng5 Bxg5 11. Bxg5 0-0 12. Rg1 f6 13. Bf4 Qf7 14. b3 a5 15. a4 Kh8 16. Be3 Ne5 17. c4 Rfd8 18. Bd4 b6 19. f4 Nc6 20. g4 Nxd4 21. Qxd4 c5 22. Qc3 f5 23. Bd3 Ra7 24. Rdf1 Rad7 25. Re1 d5 26. cxd5 Rxd5 27. Bc4 R5d6 28. Rxe6 Rxe6 29. gxf5 Qf6 30. Qxf6 Rxf6 31. Bd3 Rh6 32. Rg2 Rh4 33. Rf2 Kg8 34. Kd2 Kf7 35. Kc3 Rd4 36. Re2 Rdxf4 37. Bc4+ Kf8 38. Be6 Re4 39. Rd2 Re3+ 40. Kb2 h5 41. Bc4 Rf4 42. Bd3 Rg4 43. Rf2 h4 44. f6 g5 45. Rf5 Rf4 46. Rxg5 Rxf6 47. Rg2 Ref3 48. Rg4 R3f4 49. Rg5 Rf2 50. h3 R2f3 51. Kc3 Rxh3 52. Rh5 Kg7 53. Rh7+ Kg8 54. Rh5 Rf4 55. Rh6 Rf7 56. Rxb6 Rxd3+ 57. Kxd3 h3 58. Rh6 Rh7 59. Rg6+ Kf7 60. Rg1 h2 61. Rh1 Rh4 62. c3 Ke6 63. Kc2 Ke5 64. Kb2 Kf4 65. b4 cxb4 66. cxb4 axb4 67. a5 Kg3 68. Kb3 Kg2 69. Ra1 h1Q 70. Rxh1 Kxh1 0-1

[Event "Istanbul op 8th"]
[Site "Istanbul"]
[Date "2009.09.02"]
[Round "4"]
[White "Reyhan, Dogan Heval"]
[Black "Babujian, Levon"]
[Result "0-1"]
[WhiteElo "2284"]
[BlackElo "2515"]
[PlyCount "102"]
[EventDate "2009.08.31"]
[EventType "swiss"]
[EventRounds "9"]
[EventCountry "TUR"]
[SourceTitle "CBM 132 Extra"]
[Source "ChessBase"]
[SourceDate "2009.11.03"]
[SourceVersion "1"]
[SourceVersionDate "2009.11.03"]
[SourceQuality "1"]

1. e4 e5 2. Nf3 Nc6 3. c3 Nf6 4. d4 Nxe4 5. d5 Bc5 6. dxc6 Bxf2+ 7. Ke2 bxc6 8. Qa4 f5 9. Nbd2 0-0 10. Nxe4 fxe4 11. Qxe4 d5 12. Qxe5 Re8 13. Qxe8+ Qxe8+ 14. Kxf2 Bg4 15. Be3 Qe4 16. Rd1 Re8 17. Bg5 h6 18. Bd3 Qa4 19. Bc1 Bxf3 20. gxf3 Qh4+ 21. Kg2 Re5 22. Bd2 Rh5 23. Rde1 Kf7 24. Re2 c5 25. b3 Qh3+ 26. Kf2 g5 27. Ke1 Rh4 28. Rg1 Qd7 29. f4 Rh3 30. Rg3 Rxg3 31. hxg3 Qh3 32. fxg5 Qxg3+ 33. Rf2+ Kg8 34. Bf5 hxg5 35. Kf1 Kf7 36. Rg2 Qf3+ 37. Kg1 Ke8 38. Bg4 Qd3 39. Bxg5 Qxc3 40. Re2+ Kf8 41. Rf2+ Kg8 42. Bf6 Qg3+ 43. Kf1 Qd3+ 44. Kg1 Qe3 45. Kf1 d4 46. Re2 Qf4+ 47. Rf2 Qe4 48. Re2 Qh1+ 49. Kf2 Kf7 50. Bg5 d3 51. Re7+ Kg6 0-1

[Event "Tbilisi Municipality Cup"]
[Site "Tbilisi"]
[Date "2009.06.23"]
[Round "9"]
[White "Reyhan, Dogan Heval"]
[Black "Morchiashvili, Bachana"]
[Result "1/2-1/2"]
[WhiteElo "2234"]
[BlackElo "2412"]
[PlyCount "45"]
[EventDate "2009.06.15"]
[EventType "swiss"]
[EventRounds "9"]
[EventCountry "GEO"]
[SourceTitle "CBM 130 Extra"]
[Source "ChessBase"]
[SourceDate "2009.07.02"]
[SourceVersion "2"]
[SourceVersionDate "2009.07.15"]
[SourceQuality "1"]

1. e4 c5 2. Nf3 d6 3. Bb5+ Bd7 4. Bxd7+ Qxd7 5. 0-0 Nc6 6. Re1 Nf6 7. c3 e6 8. d4 cxd4 9. cxd4 d5 10. e5 Ne4 11. Nbd2 Nxd2 12. Bxd2 Be7 13. Rc1 0-0 14. Rc3 Rac8 15. a3 f5 16. exf6 Bxf6 17. Rd3 Rce8 18. Bc3 Qf7 19. Rde3 Nd8 20. Bb4 Be7 21. Bxe7 Rxe7 22. Qe2 Qf6 23. Re5 1/2-1/2

[Event "Tbilisi Municipality Cup"]
[Site "Tbilisi"]
[Date "2009.06.16"]
[Round "2"]
[White "Jojua, Davit"]
[Black "Reyhan, Dogan Heval"]
[Result "1-0"]
[WhiteElo "2520"]
[BlackElo "2234"]
[PlyCount "61"]
[EventDate "2009.06.15"]
[EventType "swiss"]
[EventRounds "9"]
[EventCountry "GEO"]
[SourceTitle "CBM 130 Extra"]
[Source "ChessBase"]
[SourceDate "2009.07.02"]
[SourceVersion "2"]
[SourceVersionDate "2009.07.15"]
[SourceQuality "1"]

1. d4 Nf6 2. c4 g6 3. Nf3 Bg7 4. g3 0-0 5. Bg2 d6 6. 0-0 Nc6 7. d5 Na5 8. Nfd2 c6 9. a3 cxd5 10. cxd5 b5 11. b4 Nc4 12. Nxc4 bxc4 13. Be3 a5 14. b5 a4 15. Nc3 Qa5 16. Bd4 Bb7 17. Rb1 Nd7 18. Rb4 Bxd4 19. Qxd4 Nb6 20. Rd1 Rfc8 21. Qe3 Rc7 22. Rd4 Re8 23. Qd2 Qa8 24. e4 Bc8 25. h4 Bd7 26. h5 Kg7 27. e5 Qc8 28. Rh4 dxe5 29. hxg6 h5 30. gxf7 Kxf7 31. Qh6 1-0

[Event "Izmir op 7th"]
[Site "Izmir"]
[Date "2008.09.06"]
[Round "9"]
[White "Umudova, Nargiz"]
[Black "Reyhan, Dogan Heval"]
[Result "1-0"]
[WhiteElo "2218"]
[BlackElo "2248"]
[PlyCount "95"]
[EventDate "2008.08.30"]
[EventType "swiss"]
[EventRounds "10"]
[EventCountry "TUR"]
[SourceTitle "CBM 126 Extra"]
[Source "ChessBase"]
[SourceDate "2008.11.05"]
[SourceVersion "1"]
[SourceVersionDate "2008.11.05"]
[SourceQuality "1"]

1. e4 c5 2. b3 b6 3. Bb2 Bb7 4. Qf3 Nf6 5. d3 d5 6. Nd2 Nc6 7. 0-0-0 e5 8. exd5 Nxd5 9. Qg3 f6 10. Nh3 Qc7 11. Be2 0-0-0 12. Bf3 Kb8 13. Bxd5 Rxd5 14. Ne4 Nd4 15. Rhe1 Ne6 16. Rf1 Nd4 17. Rde1 Nf5 18. Qf3 Qd7 19. g4 Nd4 20. Qg3 h5 21. g5 h4 22. Qe3 f5 23. Nc3 f4 24. Qe4 Rd6 25. Qxe5 Qxh3 26. Qxf4 Ne6 27. Qe5 a6 28. f4 Ka7 29. Rf2 Nd4 30. Ne4 Re6 31. Qc7 Re7 32. Qd8 Nc6 33. Qd5 Rd7 34. Qc4 Qf5 35. Nc3 Bd6 36. Qa4 Kb8 37. Qe4 Qf8 38. Qg6 Nd4 39. f5 Rd8 40. f6 Nf3 41. Ne4 Nxe1 42. fxg7 Qxf2 43. Qxd6+ Ka7 44. Nxf2 Rhe8 45. Qc7 Nf3 46. Bf6 Rc8 47. Qf7 Nxh2 48. Ne4 1-0

[Event "Izmir op 7th"]
[Site "Izmir"]
[Date "2008.09.02"]
[Round "5"]
[White "Annageldyev, Orazly"]
[Black "Reyhan, Dogan Heval"]
[Result "1/2-1/2"]
[WhiteElo "2434"]
[BlackElo "2248"]
[PlyCount "34"]
[EventDate "2008.08.30"]
[EventType "swiss"]
[EventRounds "10"]
[EventCountry "TUR"]
[SourceTitle "CBM 126 Extra"]
[Source "ChessBase"]
[SourceDate "2008.11.05"]
[SourceVersion "1"]
[SourceVersionDate "2008.11.05"]
[SourceQuality "1"]

1. Nf3 c5 2. c4 g6 3. d4 cxd4 4. Nxd4 Bg7 5. e4 Nc6 6. Be3 Nf6 7. Nc3 d6 8. Be2 0-0 9. 0-0 Bd7 10. Rc1 Nxd4 11. Bxd4 Bc6 12. f3 a5 13. Qd2 Nd7 14. Be3 Nc5 15. b3 Qb6 16. Rb1 Qb4 17. Rfc1 Rfc8 1/2-1/2

[Event "TUR-chT"]
[Site "Kocaeli"]
[Date "2008.06.27"]
[Round "7"]
[White "Reyhan, Dogan Heval"]
[Black "Savchenko, Boris"]
[Result "1/2-1/2"]
[WhiteElo "2248"]
[BlackElo "2569"]
[PlyCount "66"]
[EventDate "2008.06.24"]
[EventType "team"]
[EventRounds "15"]
[EventCountry "TUR"]
[SourceTitle "CBM 125 Extra"]
[Source "ChessBase"]
[SourceDate "2008.09.01"]
[SourceVersion "1"]
[SourceVersionDate "2008.09.01"]
[SourceQuality "1"]

1. e4 c5 2. Nf3 d6 3. d4 cxd4 4. Nxd4 Nf6 5. Nc3 Nc6 6. Bg5 e6 7. Qd2 a6 8. 0-0-0 h6 9. Nxc6 bxc6 10. Bf4 d5 11. Qe3 Be7 12. Be2 0-0 13. h4 Re8 14. e5 Nd7 15. Rh3 Bf8 16. Rg3 Qc7 17. Bd3 Rb8 18. Ne4 Rb4 19. c4 Qb6 20. Qxb6 Rxb6 21. Nf6+ Nxf6 22. exf6 g6 23. Be5 h5 24. Be2 Bc5 25. Bxh5 Bxf2 26. Rf3 gxh5 27. Rxf2 Kh7 28. g4 dxc4 29. gxh5 Rb5 30. Re2 Rg8 31. Rd6 Rc5 32. Bc3 Rd5 33. Rxc6 a5 1/2-1/2

[Event "TUR-chT"]
[Site "Kocaeli"]
[Date "2008.06.25"]
[Round "4"]
[White "Reyhan, Dogan Heval"]
[Black "Solak, Dragan"]
[Result "1/2-1/2"]
[WhiteElo "2248"]
[BlackElo "2630"]
[PlyCount "39"]
[EventDate "2008.06.24"]
[EventType "team"]
[EventRounds "15"]
[EventCountry "TUR"]
[SourceTitle "CBM 125 Extra"]
[Source "ChessBase"]
[SourceDate "2008.09.01"]
[SourceVersion "1"]
[SourceVersionDate "2008.09.01"]
[SourceQuality "1"]

1. e4 c5 2. Nf3 Nc6 3. d4 cxd4 4. Nxd4 g6 5. Nc3 Bg7 6. Be3 Nf6 7. Bc4 0-0 8. Bb3 d6 9. f3 Bd7 10. Qd2 Nxd4 11. Bxd4 b5 12. 0-0-0 a5 13. e5 dxe5 14. Bxe5 Bc6 15. Qxd8 Rfxd8 16. Rxd8+ Rxd8 17. a4 b4 18. Rd1 Nd7 19. Bxg7 Kxg7 20. Bd5 1/2-1/2

[Event "TUR-chT"]
[Site "Kocaeli"]
[Date "2008.06.24"]
[Round "1"]
[White "Reyhan, Dogan Heval"]
[Black "Arutinian, David"]
[Result "0-1"]
[WhiteElo "2248"]
[BlackElo "2593"]
[PlyCount "39"]
[EventDate "2008.06.24"]
[EventType "team"]
[EventRounds "15"]
[EventCountry "TUR"]
[SourceTitle "CBM 125 Extra"]
[Source "ChessBase"]
[SourceDate "2008.09.01"]
[SourceVersion "1"]
[SourceVersionDate "2008.09.01"]
[SourceQuality "1"]

1. e4 c5 2. Nf3 Nc6 3. d4 cxd4 4. Nxd4 Nf6 5. Nc3 d6 6. Bg5 e6 7. Qd2 Qb6 8. Nb3 Be7 9. Bd3 0-0 10. 0-0 a6 11. Kh1 Qc7 12. f4 h6 13. e5 dxe5 14. fxe5 Nxe5 15. Bxh6 Nxd3 16. cxd3 gxh6 17. Qxh6 Ng4 18. Qh5 f5 19. Rf3 Kg7 20. Rg3 0-1

[Event "Izmir op 5th"]
[Site "Izmir"]
[Date "2006.08.13"]
[Round "4"]
[White "Reyhan, Dogan Heval"]
[Black "Yucel, Munir"]
[Result "1-0"]
[WhiteElo "2251"]
[BlackElo "1960"]
[PlyCount "53"]
[EventDate "2006.09.10"]
[EventType "swiss"]
[EventRounds "10"]
[EventCountry "TUR"]
[SourceTitle "EXT 2007"]
[Source "ChessBase"]
[SourceDate "2006.11.23"]
[SourceVersion "1"]
[SourceVersionDate "2006.11.23"]
[SourceQuality "1"]

1. e4 c5 2. Nf3 d6 3. d4 cxd4 4. Nxd4 Nf6 5. Nc3 a6 6. Bg5 e6 7. f4 Qc7 8. Qf3 Nbd7 9. 0-0-0 b5 10. e5 Bb7 11. Qh3 dxe5 12. Nxe6 fxe6 13. Qxe6+ Be7 14. Bxb5 axb5 15. Nxb5 Qc6 16. Nd6+ Kd8 17. fxe5 Re8 18. exf6 Bxf6 19. Bxf6+ gxf6 20. Qxe8+ Kc7 21. Qf7 Ba6 22. Ne4 Kc8 23. Rd6 Qb5 24. Rhd1 Ra7 25. Qe6 Kb8 26. Kb1 Qe5 27. Rxa6 1-0